Sociálne poistenie - nemocenské poistenie, dôchodkové zabezpečenie. 2

Vysvetlenie najdôležitejších ustanovení zákonov o sociálnom poistení. Nemocensky poistené osoby. Rozličné druhy pracovnoprávnych vzťahov a dohôd a účasť na poistnom. Samostatne zárobkovo činné a spolupracujúce osoby.

Salvato in:
Dettagli Bibliografici
Autore principale: Matlák, Ján
Natura: Capitolo di libro
Lingua:slovacco
Soggetti:
Tags: Aggiungi Tag
Nessun Tag, puoi essere il primo ad aggiungerne!!

MARC

LEADER 00000naa a2200000 4500
001 r018743
005 20221213095942.4
041 0 |a slo 
044 |a SK 
245 1 0 |a Sociálne poistenie - nemocenské poistenie, dôchodkové zabezpečenie. 2  |c Ján Matlák 
520 |a Vysvetlenie najdôležitejších ustanovení zákonov o sociálnom poistení. Nemocensky poistené osoby. Rozličné druhy pracovnoprávnych vzťahov a dohôd a účasť na poistnom. Samostatne zárobkovo činné a spolupracujúce osoby. 
610 2 0 |a Slovensko 
610 2 0 |a 1994 
610 2 0 |a 1995 
610 2 0 |a poistenie sociálne 
610 2 0 |a poistenie nemocenské 
610 2 0 |a zabezpečenie dôchodkové 
610 2 0 |a zákony 
610 2 0 |a Sociálna poisťovňa, a.s. Bratislava 
610 2 0 |a vzťahy pracovnoprávne 
610 2 0 |a poistné 
100 1 |a Matlák, Ján